Animals Scramble #3 - Statistics

General Stats
  • This quiz has been taken 67 times
  • The average score is 15 of 16
Answer Stats
Hint Answer % Correct
worc crow
100%
erde deer
100%
rigfafe giraffe
100%
yxnl lynx
100%
bacr crab
98%
lke elk
98%
dtao toad
98%
acmle camel
93%
ritbba rabbit
93%
yoteoc coyote
90%
ietrg tiger
90%
laako koala
87%
tuulvre vulture
87%
myenko monkey
82%
rabeev beaver
79%
sertoro rooster
66%
No matching quizzes found
Score Distribution
Percent of People with Each Score
Percentile by Number Answered
Your Score History
You have not taken this quiz